| 000 | 00400nam a2200157Ia 4500 | ||
|---|---|---|---|
| 008 | 230312s9999||||xx |||||||||||||| ||und|| | ||
| 020 | _a81 7554 196 2 | ||
| 082 |
_a370.113 _bTIP |
||
| 100 | _aPHIL RACE | ||
| 245 | 0 | _a2000 Tips for Trainers & Staff Developers | |
| 260 |
_bKogan Page _aIndia _c2003 |
||
| 300 | _a287 | ||
| 546 | _aEng. | ||
| 650 |
_aEngineering _vFace to face training |
||
| 942 | _cBK | ||
| 999 |
_c1920 _d1920 |
||